Επιστολές για τον Σεζάν
Αποθηκεύτηκε σε:
| Κύριος συγγραφέας: | |
|---|---|
| Μορφή: | Βιβλίο |
| Γλώσσα: | Greek German |
| Δημοσίευση: |
Αθήνα :
Σόκολη,
c2004.
|
| Σειρά: | Παγκόσμια βιβλιοθήκη (Σόκολη)
2 |
| Θέματα: | |
| Ετικέτες: |
Προσθήκη ετικέτας
Δεν υπάρχουν, Καταχωρήστε ετικέτα πρώτοι!
|
MARC
| LEADER | 00000cam a2200000 i 4500 | ||
|---|---|---|---|
| 001 | 1/86073 | ||
| 008 | 080522s2004 gr | ||| |||| ||gre|| | ||
| 020 | |a 9608264405 | ||
| 035 | |l 10097577 | ||
| 040 | |a GR-MyUa |b gre |e AACR2 | ||
| 041 | 1 | |a gre |h ger | |
| 082 | 7 | |a 700.92 |2 (22) | |
| 100 | 1 | |a Rilke, Rainer Maria, |d 1875-1926. | |
| 245 | 1 | 0 | |a Επιστολές για τον Σεζάν / |c Ραϊνερ Μαρία Ρίλκε ; εισαγωγή, σχόλια, επιμέλεια Αναστασία Αντωνοπούλου ; μετάφραση Μορφή Κοντοπούλου ...[κ. ά.]. |
| 260 | |a Αθήνα : |b Σόκολη, |c c2004. | ||
| 300 | |a 140 σ. ; |b εικ.; |c 17 εκ. | ||
| 490 | 1 | |a (Παγκόσμια βιβλιοθήκη ; |v 2) | |
| 600 | 1 | 0 | |a Rilke, Rainer Maria, |d 1875-1926 |x Correspondence. |
| 600 | 1 | 0 | |a Rilke, Clara |x Correspondence. |
| 600 | 1 | 0 | |a Rilke, Rainer Maria, |d 1875-1926 |x Knowledge |x Art. |
| 600 | 1 | 0 | |a Cezanne, Paul, |d 1839-1906 |x Criticism and interpretation. |
| 650 | 0 | |a Authors, German |y 20th century |x Correspondence. | |
| 830 | 0 | |a Παγκόσμια βιβλιοθήκη (Σόκολη) |v 2 | |
| 852 | |a INST |b SYROS |e 20080522 |h 700.92 CEZ |p 005500005949 |q 005500005949 |t BK |y 0 | ||
| 901 | |a BIBL5-2008-2 | ||
| 922 | |a 5ΕΛΗ |b 200711 |c ΕΠΕΑΕΚ2/ΤΜΣΠΣ |d Σ. Πατάκης | ||
| 970 | |a Κοντού |b Παρασκευή |z 22/05/2008 | ||